01310cam a22003493a 4500001000500000005001700005020002200022020001500044040004200059050001300101082000900114100001600123245003900139260003600178300006000214490001300274505000800287520010800295521002000403521002000423650002800443650003200471650002700503650002000530650002400550650001800574906004500592942001500637999001500652952014500667952014800812354720250825133810.0 a1416903070 (pbk.) a0590339656 aBKXcBKXdXY4dBAKERdOCLCQdDLCbeng00aPZ7.A77804a800 1 aAsch, Frank10aHappy birthday, Moon /cFrank Asch aNew York :bScholastic , c1982 a32 unnumbered pages : bcolor illustrations ;c21 cm .  aMoonbear aH  aWhen a bear discovers that the Moon shares his birthday, he buys the Moon a beautiful hat as a present.1 a440 bLexile 1 aH bRaz-Plus  0aBearsvJuvenile fiction 0aBirthdaysvJuvenile fiction 0aHatsvJuvenile fiction 1aBearsvFiction. 1aBirthdaysvFiction. 1aHatsvFiction a7bcbcccopycatd2encipf20gy-gencatlg 2ddccBKn0 c3547d3547 00102ddc40708JUVFa002b002cTTP Dark Blued2024-03-18l2oASC 800 PZ7.A778pFISBK01062r2025-11-14 13:10:15s2025-10-24w2024-03-18yBK 00102ddc40708JUVFa002b002cTTP Dark Blued2025-08-25l1oASC 800 PZ7.A778pFISTK00981r2026-03-12 08:09:18s2026-03-05t2w2025-08-25yBK